Human resources in development along the Asia-Pacific rim (Record no. 14953)

MARC details
000 -LEADER
fixed length control field 00708nam a2200229Ia 4500
082 ## - DEWEY DECIMAL CLASSIFICATION NUMBER
Classification number 304.6095 HUM-
245 #0 - TITLE STATEMENT
Title Human resources in development along the Asia-Pacific rim
440 ## - SERIES STATEMENT/ADDED ENTRY--TITLE
Title South-East Asian social science monographs
504 ## - BIBLIOGRAPHY, ETC. NOTE
Bibliography, etc includes bibliography and index
650 ## - SUBJECT ADDED ENTRY--TOPICAL TERM
Topical Term Asia
Form subdivision Economic policy
650 ## - SUBJECT ADDED ENTRY--TOPICAL TERM
Topical Term Pacific area
Form subdivision Economic policy
650 ## - SUBJECT ADDED ENTRY--TOPICAL TERM
Topical Term Asia
Form subdivision Population
650 ## - SUBJECT ADDED ENTRY--TOPICAL TERM
Topical Term Pacific area
Form subdivision Population
650 ## - SUBJECT ADDED ENTRY--TOPICAL TERM
Topical Term Human capital
Form subdivision Pacific area
650 ## - SUBJECT ADDED ENTRY--TOPICAL TERM
Topical Term Education
Form subdivision Pacific area
650 ## - SUBJECT ADDED ENTRY--TOPICAL TERM
Topical Term Medical care
Form subdivision Asia
650 ## - SUBJECT ADDED ENTRY--TOPICAL TERM
Topical Term Medical care
Form subdivision Pacific area
700 ## - ADDED ENTRY--PERSONAL NAME
Personal name Ogawa, Naohiro
700 ## - ADDED ENTRY--PERSONAL NAME
Personal name Jones , Gavin W.
700 ## - ADDED ENTRY--PERSONAL NAME
Personal name Williamson, Jeffery G
942 ## - ADDED ENTRY ELEMENTS (KOHA)
Koha item type Books
Holdings
Withdrawn status Lost status Damaged status Not for loan Collection code Home library Current library Date acquired Bill Date Full call number Accession Number Price effective from Koha item type
        Docas Books NASSDOC Library NASSDOC Library 23/09/2016 2004-10-05 304.6095 HUM- D000090 18/04/2019 Books